000 00469nam a2200181Ia 4500
008 090123s9999 xx 000 0 und d
082 _b17072
_a891.463/ओक
100 _aओक जनार्दन
245 _aमात
250 _a1
260 _bपुजा प्रकाशन
300 _a197
600 _aओक जनार्दन
630 _aमात
700 _aओक जनार्दन
730 _aमात
942 _cBOOK
999 _c55132
_d55132